Developments in hydraulic engineering-3 (Record no. 12082)

000 -LEADER
fixed length control field 00543nam a22002057a 4500
001 - CONTROL NUMBER
control field 12082
003 - CONTROL NUMBER IDENTIFIER
control field BD-DhUET
008 - FIXED-LENGTH DATA ELEMENTS--GENERAL INFORMATION
fixed length control field 150223s1985 enka|||| |||| 001 0 eng d
040 ## - CATALOGING SOURCE
Transcribing agency 0
Modifying agency BD-DhUET
082 ## - DEWEY DECIMAL CLASSIFICATION NUMBER
Classification number 627.09
Item number NOV/1985
100 ## - MAIN ENTRY--PERSONAL NAME
Personal name Novak P.
245 ## - TITLE STATEMENT
Title Developments in hydraulic engineering-3
250 ## - EDITION STATEMENT
Edition statement 1st ed.
260 ## - PUBLICATION, DISTRIBUTION, ETC. (IMPRINT)
Place of publication, distribution, etc. London
Name of publisher, distributor, etc. Elsevier Applied Science Publishers
Date of publication, distribution, etc. 1985
300 ## - PHYSICAL DESCRIPTION
Extent x, 318 p.
Other physical details ill.
490 ## - SERIES STATEMENT
Series statement Development series
504 ## - BIBLIOGRAPHY, ETC. NOTE
Bibliography, etc Includes bibliographies
650 #0 - SUBJECT ADDED ENTRY--TOPICAL TERM
Topical term or geographic name as entry element Hydraulic engineering
942 ## - ADDED ENTRY ELEMENTS (KOHA)
Koha item type Edited Book
Holdings
Koha date last seen Withdrawn status Copy number Koha normalized classification for sorting Lost status Date acquired Koha item type Source of classification or shelving scheme Price effective from Location (home branch) Not for loan Damaged status Shelving location Piece designation (barcode) Koha full call number Sublocation or collection (holding branch)
2015-02-23 1627_090000000000000_NOV_1985 2015-02-23Edited Book 2015-02-23Central Library, BUET  Circulation section67725627.09/NOV/1985Central Library, BUET
2015-02-23 2627_090000000000000_NOV_1985 2015-02-23Edited Book 2015-02-23Central Library, BUET  Circulation section67724627.09/NOV/1985Central Library, BUET